Visita de un adulto recién nacido / (Registro nro. 12763)

Detalles MARC
000 -LIDER
fixed length control field 00505nam a22001817a 4500
003 - IDENTIFICACDOR DE NÚMERO DE CONTROL
control field DO-SdBNP
005 - DATE AND TIME OF LATEST TRANSACTION
control field 20180207094451.0
008 - ELEMENTOS DE LONGITUD FIJA
fixed length control field 161107b 20uu ck 00| 0 spa d
040 ## - FUENTE DE CATALOGACIÓN
Agencia que crea de manera original el registro BPMSU
Idioma de catalogación spa
Agencia que realiza la transcripción BPMSU
082 ## - NÚMERO DE CLASIFICACIÓN DECIMAL DE DEWEY
Classification number xxxx
Item number S698v
100 1# - ASIENTO PRINCIPAL -- NOMBRE PERSONAL
Nombre personal Sonico, Auro
245 10 - MENCIÓN DE TITULO
Título Visita de un adulto recién nacido /
Mención de responsabilidad Auro Sonico
260 ## - PUBLICACIÓN, DISTRIBUCIÓN, ETC. (PIE DE IMPRENTA)
Lugar de publicación, distribución, etc [Colombia]:
Nombre del editor, distribuidor, etc. [s.n],
Fecha de publicación, distribución, etc [20--].
300 ## - DESCRIPCIÓN FÍSICA
Extensión 199 p. :
Dimensiones 19 cm.
942 ## - ADDED ENTRY ELEMENTS (KOHA)
Source of classification or shelving scheme Dewey Decimal Classification
Koha item type Libros
945 ## - INFORMACIÓN DE PROCESAMIENTO LOCAL
Información de procesamiento local inventariado extranjero / DG
956 ## - LOCAL ELECTRONIC LOCATION AND ACCESS (OCLC)
Nombre de host YLOCKWARD
Método de acceso 10
Enlace BPMSU
Campo enlazado y núm. de secuencia 000144
Existencias
Withdrawn status Lost status Source of classification or shelving scheme Damaged status Not for loan Collection code Home library Current library Date acquired Source of acquisition Total Checkouts Full call number Barcode Date last seen Price effective from Koha item type
    Dewey Decimal Classification     Colección General Biblioteca Pública Metropolitana Salomé Ureña Biblioteca Pública Metropolitana Salomé Ureña 11/03/2017 Sin sellar   xxxx S698v BPMSU17110046 11/03/2017 11/03/2017 Libros